Estudis de dret Roma i d'historia del dret comparat en homenatge a Rampn D'Abadal i de Vinyals pel seu centenari

Uloženo v:
Podrobná bibliografie
Médium: Kniha
Jazyk:baskičtina
angličtina
Vydáno: Barcelona Promociones Publicaciones Universitarias 1989
Edice:Annals of the archive of Ferran Valls i Taberner's Library
Témata:
Tagy: Přidat tag
Žádné tagy, Buďte první, kdo vytvoří štítek k tomuto záznamu!

MARC

LEADER 00000nam a2200000 a 4500
001 UCV2762
003 CL-VaPUC
008 921104e19890000SP |||||||||||||||||baq|d
041 0 7 |a baq  |2 CL-VaPUC 
041 0 7 |a eng  |2 CL-VaPUC 
082 0 4 |a 340.54  |b EST  |2 21 
245 1 0 |a Estudis de dret Roma i d'historia del dret comparat en homenatge a Rampn D'Abadal i de Vinyals pel seu centenari 
246 1 0 |a Studies in Roman law and legal history in honour of Ramon D'Abadal i de Vinyals on the occasion of the centenary 
300 |a 450 p 
942 |c BK 
945 |d 19921104 00:00:00 
260 |a Barcelona  |b Promociones Publicaciones Universitarias  |c 1989 
600 0 7 |a D'ABADAL I DE VINYALS, RAMON  |2 CL-VaPUC  |9 258262 
650 0 |a Derecho romano  |9 255930 
650 0 |a Derecho comparado  |9 255664 
583 |a last modification  |c 19921104 00:00:00  |k Rodrigo Vera 
490 0 |a Annals of the archive of Ferran Valls i Taberner's Library 
999 |c 210250  |d 210248 
952 |0 0  |1 0  |4 0  |6 340_540000000000000_EST_1989  |7 0  |8 DER_HDC  |9 186349  |a BIBDER  |b BIBDER  |d 2019-11-14  |i 2538288  |o 340.54 EST 1989  |p 2538288  |r 2019-11-14  |w 2019-11-14  |x Ubicación 4to Piso  |y BK_X  |z Estos recursos deben solicitarse con anticipación  |k DER 
952 |0 0  |1 0  |4 0  |6 340_540000000000000_EST_1989  |7 0  |8 DER_HDC  |9 186350  |a BIBDER  |b BIBDER  |d 2019-11-14  |i 2538296  |o 340.54 EST 1989  |p 2538296  |r 2019-11-14  |w 2019-11-14  |x Ubicación 4to Piso  |y BK_X  |z Estos recursos deben solicitarse con anticipación  |k DER